|
|
|
|
| LEADER |
00000naa a2200000uu 4500 |
| 001 |
vtls010936296 |
| 003 |
SK-MaSNL |
| 005 |
20260302115844.0 |
| 008 |
210902|2011 xo |||||||||||||||||slo| |
| 015 |
|
|
|a SNBRA
|
| 035 |
|
|
|a (urnnbn)urn:nbn:sk:snk:ar-a0b80o
|
| 035 |
|
|
|a (uuid)e44218f5-1166-4f9f-a276-fa9ee8119f62
|
| 035 |
|
|
|a urn:nbn:sk:snk-aau0do
|
| 040 |
|
|
|a SNKBUCL
|b slo
|c SNKBUCL
|e AACR2
|
| 041 |
0 |
|
|a slo
|
| 044 |
|
|
|a xo
|c SK
|
| 100 |
1 |
|
|a Demjan, Valér
|4 aut
|9 81365
|
| 245 |
1 |
0 |
|a BASEL III
|c Valér Demjan
|
| 773 |
0 |
|
|t Zborník príspevkov z vedeckých a odborných seminárov v akademickom roku 2010/2011
|d Banská Bystrica : Bankovní institut vysoká škola, 2011
|g S. 124-127
|z 9788097042219
|
| 958 |
|
|
|a OND
|
| 958 |
|
|
|a article11
|
| 958 |
|
|
|a chapter
|
| 999 |
|
|
|c 1266721
|d 1268651
|